English words of Dutch Origin Picture Quiz - Statistics

General Stats
  • This quiz has been taken 234 times
  • The average score is 20 of 32
Answer Stats
Picture Hint Answer % Correct
Sport Golf
98%
Plant specie Bamboo
94%
Food Cookie
94%
Geographical feature Iceberg
93%
Person Santa Claus
89%
Currency Dollar
88%
This is a symbol of ___ Luck
87%
Transport Sled
85%
Object Ice skate
82%
Food Waffle
80%
Lux Ship Yacht
78%
Part of a gun Trigger
77%
Animal Walrus
77%
____ of Fish School
73%
Language Afrikaans
69%
Gun in a ___ Holster
62%
Weapon Bazooka
61%
Object Pump
61%
Unfinished drawing Sketch
60%
Animal Aardvark
59%
Part of a fruit Pit
58%
Animal Meerkat
55%
Transport Wagon
52%
Animal Both Wildebeest/Gnu
51%
Object Easel
49%
Reclaimed land Polder
49%
Object Buoy
46%
Kinds of small food Snack
40%
Animal Cockatoo
32%
Painting style Still life
20%
A old ship punishment Keelhauling
19%
Food Witloof
2%
No matching quizzes found
Score Distribution
Percent of People with Each Score
Percentile by Number Answered
Your Score History
You have not taken this quiz